Comparsas de Martínez Ares - Estadísticas

Estadísticas generales
  • Esta prueba ha sido intentada 44 veces
  • La puntuación promedio es 18 de 27
Estadísticas de respuestas
Hint Respuesta % Correcto
2020 La Chusma Selecta
96%
2023 La Ciudad Invisible
96%
2019 Los carnívales
92%
2022 Los Sumisos
92%
2017 La Eternidad
88%
2018 El Perro Andalú
84%
2016 Los Cobardes
84%
1998 Los Piratas
80%
2001 La Niña de mis Ojos
76%
1992 Do re mi fa soleando
72%
1994 La Ventolera
72%
1995 El Brujo
68%
1997 El Vapor
68%
2000 La Milagrosa
68%
2002 La Revolución
68%
1999 Los Templarios
68%
2003 Calle de la Mar
64%
1996 La Trinchera
64%
1993 Los Miserables
64%
1985 Zombies
64%
1991 Calabazas
60%
1984 Requiebro
60%
1988 Entre tus brazos
56%
1989 Con uñas y dientes
40%
1990 Sonri-sillas
40%
1987 Esto es Carnaval
32%
1986 De locura
28%
No se encontraron pruebas coincidentes
Distribución de puntuación
Porcentaje de gente con cada puntuación
Porcentaje por número respondido
Historial de tus puntuaciones
No has intentado esta prueba.